000 00698nam a2200265Ia 4500
001 14766
005 20240113235551.0
007 ta
008 051128s1994 a g b000 u 465 u
040 _aCotton College Assam
041 _a465
082 _a591.15
_bDa 15 Te
100 _aDalela, R.C. .
245 0 _aA Text-Book of Genetics /
_cR.C. Dalela and S.R. Verma.
_hTextual Documents
250 _a11th ed. /
260 _aMeerut :
_bJai Parkash Nath & Co. ,
_c1994.
300 _aviii,587p. :
_bill ;
_c21cm .
653 _aZoology
653 _aGenetics
653 _aG-Zoology
700 _aVerma, S.R. .
942 _2ddc
_cBK
999 _c14752
_d14752